[Event "Puhajarve Rapid op 21st"]
[Site "Puhajarve"]
[Date "2021.11.26"]
[Round "7"]
[White "Morozevich, Alexander"]
[Black "Kulaots, Kaido"]
[Result "1-0"]
[WhiteElo "2659"]
[BlackElo "2518"]
[PlyCount "59"]
[EventDate "2021.11.26"]
[EventType "tourn (rapid)"]
[EventRounds "37"]
[EventCountry "EST"]
[SourceTitle "CBM 205 Extra"]
[Source "ChessBase"]
[SourceDate "2022.01.31"]
[SourceVersion "1"]
[SourceVersionDate "2022.01.31"]
[SourceQuality "1"]

1. d4 Nf6 2. c4 g6 3. Nc3 d5 4. Nf3 Bg7 5. Qb3 dxc4 6. Qxc4 0-0 7. e4 a6 8. e5 b5 9. Qb3 Nfd7 10. e6 fxe6 11. Be3 Nf6 12. 0-0-0 c6 13. h4 a5 14. h5 Nxh5 15. Bd3 Na6 16. Rxh5 a4 17. Qc2 Nb4 18. Bxg6 Nxc2 19. Bxc2 Rf5 20. Rh3 b4 21. Nxa4 Ba6 22. Rg3 Be2 23. Bxf5 exf5 24. Bh6 Bxf3 25. gxf3 Rxa4 26. Rxg7+ Kh8 27. Rf7 Kg8 28. Rxf5 Rxa2 29. Rg1+ Kh8 30. Bg7+ 1-0

[Event "Puhajarve Rapid op 21st"]
[Site "Puhajarve"]
[Date "2021.11.26"]
[Round "11"]
[White "Morozevich, Alexander"]
[Black "Orgse, Karl Kristofer"]
[Result "1-0"]
[WhiteElo "2659"]
[BlackElo "1691"]
[PlyCount "31"]
[EventDate "2021.11.26"]
[EventType "tourn (rapid)"]
[EventRounds "37"]
[EventCountry "EST"]
[SourceTitle "CBM 205 Extra"]
[Source "ChessBase"]
[SourceDate "2022.01.31"]
[SourceVersion "1"]
[SourceVersionDate "2022.01.31"]
[SourceQuality "1"]

1. e4 c6 2. d4 d5 3. e5 c5 4. dxc5 Qa5+ 5. c3 Qxc5 6. Be3 Qa5 7. Nd2 Nc6 8. Ngf3 Bg4 9. Nb3 Qc7 10. Qxd5 Bxf3 11. Qxf3 Qxe5 12. 0-0-0 Nf6 13. Nc5 Qc7 14. Bb5 e6 15. Nxb7 Rc8 16. Na5 1-0

[Event "Puhajarve Rapid op 21st"]
[Site "Puhajarve"]
[Date "2021.11.26"]
[Round "8"]
[White "Samberk, Vahur"]
[Black "Morozevich, Alexander"]
[Result "0-1"]
[WhiteElo "1639"]
[BlackElo "2659"]
[PlyCount "48"]
[EventDate "2021.11.26"]
[EventType "tourn (rapid)"]
[EventRounds "37"]
[EventCountry "EST"]
[SourceTitle "CBM 205 Extra"]
[Source "ChessBase"]
[SourceDate "2022.01.31"]
[SourceVersion "1"]
[SourceVersionDate "2022.01.31"]
[SourceQuality "1"]

1. e4 c5 2. Nf3 e6 3. d4 cxd4 4. Nxd4 Nc6 5. c4 Nf6 6. Nc3 a6 7. Be2 Be7 8. 0-0 d6 9. Be3 0-0 10. Nc2 b6 11. Bf4 Bb7 12. Bd3 Ne5 13. Bxe5 dxe5 14. b3 Qc7 15. Ne3 Rad8 16. Na4 Nd7 17. Nb2 Bc6 18. Qc2 Bc5 19. Rfe1 Bd4 20. Rad1 Nc5 21. b4 Nxd3 22. Nxd3 Bxe4 23. Qb3 Rd7 24. a4 Rfd8 0-1